La Força social i revolucionària del teatre / Manuel Valldeperes ; pròleg de Ramon Vinyes
Descripción Física:
71 p. , 21 cm
Otros Autores:
Vinyes, Ramon, 1882-1952
Materias:
Teatre i societat
MARC
| LEADER | 00000nam a2200000Ia 4500 | ||
|---|---|---|---|
| 001 | 6140 | ||
| 008 | 160829s9999 xx 000 0 cat d | ||
| 080 | |a B-1-377 | ||
| 100 | |a Valldeperes, Manuel |9 37672 | ||
| 245 | |a La Força social i revolucionària del teatre / Manuel Valldeperes ; pròleg de Ramon Vinyes | ||
| 260 | |a Barcelona : |b Forja, [1937] | ||
| 300 | |a 71 p. , 21 cm | ||
| 650 | 0 | |a Teatre i societat |9 37673 | |
| 700 | 1 | |a Vinyes, Ramon, |d 1882-1952 |e autor del pròleg |9 71571 | |
| 901 | |a Arxiu | ||
| 942 | |n 1 |2 udc | ||
| 952 | |0 0 |1 0 |4 0 |6 B1377 |7 1 |9 47989 |a Arxiu |b Arxiu |d 2016-12-01 |l 0 |o B-1-377 |p 6140 |r 2016-12-01 00:00:00 |w 2016-12-01 |y ARXIU | ||
| 999 | |c 51790 |d 51790 | ||